Loading...
പെറ്റനോവ് : എന്റെ മുഖപുസ്തക കുറിപ്പുകൾ
| Main Author: | |
|---|---|
| Other Authors: | |
| Format: | Printed Book |
| Subjects: |
| LEADER | 00565nam a22001217a 4500 | ||
|---|---|---|---|
| 082 | |a M894.812 1 |b ABD/P | ||
| 100 | |a അബ്ദുൾ ലത്തീഫ് പതിയാങ്കര | ||
| 245 | |a പെറ്റനോവ് : എന്റെ മുഖപുസ്തക കുറിപ്പുകൾ | ||
| 650 | |a Pettanovu- Malayalam kavithakal | ||
| 700 | |a Abdul Latheef Pathiyankara | ||
| 942 | |c BK | ||
| 999 | |c 43132 |d 43132 | ||
| 952 | |0 0 |1 0 |4 0 |6 M_894_812000000000000_1_ABDP |7 0 |8 Stack |9 47067 |a KUCL |b KUCL |c M |d 2016-12-22 |l 0 |o M894.812 1 ABD/P |p G1881 |r 2016-12-22 |w 2016-12-22 |y BK | ||